Sociální politika měsíčník Ministerstva práce a sociálních věcí České republiky

Gespeichert in:
Bibliographische Detailangaben
Format: Schriftenreihe
Sprache:Tschechisch
Englisch
Veröffentlicht: Praha SOCIOPRESS 1998
Schlagworte:
Tags: Tag hinzufügen
Keine Tags, Fügen Sie das erste Tag hinzu!

MARC

LEADER 00000nas2a2200000 4500
001 s122432
005 20231103122525.1
022 |a 0049-0961 
041 0 |a cze 
041 0 |a eng 
044 |a CZ 
245 1 0 |a Sociální politika  |b měsíčník Ministerstva práce a sociálních věcí České republiky 
264 1 |a Praha  |b SOCIOPRESS  |c 1998 
300 |a 1 zv.  |e 1 zvláštne č. 
773 0 |w eu_un_cat*s120022 
610 2 0 |a politika sociálna 
610 2 0 |a právo pracovné